TEXT BOOK OF PHARMACOVIGLANCE -ENSURING THE SAFE USE OF MEDICINES (Record no. 8248)

MARC details
000 -LEADER
fixed length control field 00506nam a22001817a 4500
005 - DATE AND TIME OF LATEST TRANSACTION
control field 20230403134350.0
008 - FIXED-LENGTH DATA ELEMENTS--GENERAL INFORMATION
fixed length control field 230329b |||||||| |||| 00| 0 eng d
020 ## - INTERNATIONAL STANDARD BOOK NUMBER
ISBN 978-935270-703-4
041 ## - LANGUAGE CODE
Language code of text/sound track or separate title eng
082 ## - DEWEY DECIMAL CLASSIFICATION NUMBER
Classification number 615.7 GUP-T
100 ## - MAIN ENTRY--AUTHOR NAME
Personal name GUPTA , S.K AND SRIVASTAVA, SUSHMA
245 ## - TITLE STATEMENT
Title TEXT BOOK OF PHARMACOVIGLANCE -ENSURING THE SAFE USE OF MEDICINES
250 ## - EDITION STATEMENT
Edition statement 1st ed.
260 ## - PUBLICATION, DISTRIBUTION, ETC. (IMPRINT)
Name of publisher JAYPEE BROTHERS
Year of publication 2019
300 ## - PHYSICAL DESCRIPTION
Number of Pages 622;P.
650 ## - SUBJECT ADDED ENTRY--TOPICAL TERM
Topical Term PHARMACY
General subdivision B. PHARMA
942 ## - ADDED ENTRY ELEMENTS (KOHA)
Koha item type Books
Holdings
Lost status Damaged status Collection code Home library Current library Shelving location Date acquired Source of acquisition Cost, normal purchase price Full call number Accession Number Koha item type
    Reference JRU Library JRU Library SHELF-5-D 23/03/2023 LOHIA BOOK INTERNATIONAL 1995.00 615.7 GUP-T 27589 Books
    PHARMACY JRU Library JRU Library Shelf - 22- B 23/03/2023 LOHIA BOOK INTERNATIONAL 1995.00 615.7 GUP-T 27590 Books